Costa Rica City Quiz - Statistics

General Stats
  • This quiz has been taken 39 times
  • The average score is 3 of 5
Answer Stats
City % Correct
San Jose
100%
Cartago
54%
Alajuela
50%
Heredia
50%
Puntarenas
46%
No matching quizzes found
Score Distribution
Percent of People with Each Score
Percentile by Number Answered
Your Score History
You have not taken this quiz